00436cam a22001572 4500001001100000005001700011008004100028020000800069040001500077050001700092100003800109245005600147260002600203300001100229600003800240000000086620151217155805.0070221s xx 000 0 eng d cKES aKABUcKABU 0aDT429b.H8621 aHuntingford, G. W. B.@000014868614aThe Northern Nilo-Hanuites /cG. W. B. Huntingford. aLondon :bIAT,c1953. a108 p.10aNilo-Hamatic peoples.@0000149255